Joyas de faraones : tesoros de magia, poder y belleza = Jewellery of the Pharaohs : Treasures of Magic, Power and Beauty /

Catálogo de la exposición homónima, presentada en el Museu Egipci de Barcelona, de marzo a julio de 2005. Una muestra que puso de manifiesto la riqueza de los materiales y la belleza de los diseños de las joyas y accesorios personales del antiguo Egipto. Incluye un textos sobre la simbología de las...

Celý popis

Uloženo v:
Podrobná bibliografie
Korporativní autor: Museu Egipci de Barcelona, Fundació Arqueològica Clos
Další autoři: Alegre García, Susana (coordinación y texto) (coordinación y texto), Taulé, Mariàngele (coordinación e introducción) (coordinación e introducción), Gonzálvez, Luis Manuel (texto) (texto), Clos i Llombart, Jordi (introducción) (introducción)
Médium: Kniha
Jazyk:španělština
Vydáno: Barcelona, España : Museu Egipci de Barcelona, Fundació Arqueològica Clos : Ambit, 2005, c2005
Témata:
Tagy: Přidat tag
Žádné tagy, Buďte první, kdo vytvoří štítek k tomuto záznamu!

MARC

LEADER 00000nam^a2200000^a^4500
001 000181834
005 20250521000000.0
009 20260310101946.771
020 |a 84-89681-89-9 
037 |a Acervo ITESO - Biblioteca 
041 |a ESP 
082 |a 739. 27096201  |b MEB ALE 
110 |a Museu Egipci de Barcelona, Fundació Arqueològica Clos 
245 1 0 |a Joyas de faraones :  |b tesoros de magia, poder y belleza = Jewellery of the Pharaohs : Treasures of Magic, Power and Beauty /  |c Museo Egipci de Barcelona, Fundació Arqueològica Clos ; coord. y texto de S. Alegre García ; coord. e introd. de M. Taulé ; texto de L.M. Gonzálvez ; introd. de J. Clos i Llombart. 
264 4 |a Barcelona, España :  |b Museu Egipci de Barcelona, Fundació Arqueològica Clos :  |b Ambit,  |c 2005, c2005 
300 |a 207 p. 
336 |a texto  |b txt  |2 rdacontenido 
337 |a sin mediación  |b n  |2 rdamedio 
338 |a volumen  |b nc  |2 rdasoporte 
520 |a Catálogo de la exposición homónima, presentada en el Museu Egipci de Barcelona, de marzo a julio de 2005. Una muestra que puso de manifiesto la riqueza de los materiales y la belleza de los diseños de las joyas y accesorios personales del antiguo Egipto. Incluye un textos sobre la simbología de las figuras, materiales y colores utilizados. 
546 |a Edición bilingüe español-inglés 
649 |a XX 
650 |a Orfebrería -  |z Egipto -  |x Historia Antigua 
650 |a Orfebrería -  |z Egipto -  |x Exposiciones 
650 |a Joyería -  |z Egipto -  |x Historia Antigua 
650 |a Joyería -  |z Egipto -  |x Exposiciones 
650 |a Accesorios Personales -  |z Egipto -  |x Historia Antigua 
650 |a Accesorios Personales -  |z Egipto -  |x Exposiciones 
650 |a Arte Egipcio -  |x Historia y Crítica 
650 |a Arte Egipcio -  |z Barcelona, España -  |x Exposiciones 
650 |a Arte Egipcio -  |x Exposiciones 
650 |a Egipto -  |x Historia Antigua 
650 |a Historia Antigua 
700 |a Alegre García, Susana  |e (coordinación y texto) 
700 |a Taulé, Mariàngele  |e (coordinación e introducción) 
700 |a Gonzálvez, Luis Manuel  |e (texto) 
700 |a Clos i Llombart, Jordi  |e (introducción) 
910 |a Fondo General 
920 |a Impresos - Libros 
930 |a Reserva Especial 
905 |a 103 
901 |a 0500121402  |b IT1  |c REE  |u 20250521 
902 |a https://opac.biblio.iteso.mx/vufind/Record/000181834